Statistics for This Love Lyrics

Click here to take the quiz!

General Stats

  • This quiz has been taken 253 times
  • The average score is 220 of 277

Answer Stats

Lyrics% Correct
I
99%
Love
99%
This
98%
A
95%
To
95%
Me
94%
Goodbye
93%
On
93%
It
92%
Taken
92%
Before
91%
Said
91%
She
91%
Has
90%
Times
90%
In
89%
Many
89%
Too
89%
It's
87%
Its
87%
Is
86%
No
86%
Say
86%
The
86%
Heart
85%
Toll
85%
Her
84%
Anymore
83%
Of
83%
And
82%
Have
82%
So
82%
Breaking
81%
My
81%
Won't
81%
Choice
80%
Front
78%
Eyes
77%
'Cause
76%
Was
74%
Fire
73%
Not
73%
Burning
71%
Did
71%
Recognise
71%
You
69%
High
67%
Mind
67%
That
66%
Do
65%
Again
64%
But
64%
Keep
63%
Every
62%
Never
62%
Night
62%
Always
60%
Plane
59%
Return
59%
Satisfied
59%
Coming
58%
Controlled
58%
Got
58%
Hard
58%
Tried
58%
Appetite
57%
Best
57%
Your
56%
Chaos
55%
Want
55%
Feed
54%
Just
54%
Same
54%
Broken
53%
Feel
53%
Game
53%
What
53%
Know
52%
Pretending
51%
Like
50%
Wings
49%
Leave
48%
Things
47%
I'll
46%
These
46%
Fingertips
45%
Fix
45%
Playing
45%
Turn
45%
Around
44%
Inch
44%
Make
44%
That's
44%
Then
44%
Alright
43%
Sure
42%
Hips
41%
Whispered
40%
Kept
39%
Repair
39%
Everything's
38%
Pressure
38%
As
36%
Into
29%
Sinking
29%

Score Distribution

Percentile by Number Answered

Percent of People with Each Score

Your Score History

You have not taken this quiz